000 00363nam a22001337a 4500
005 20170824153416.0
008 170824b xxu||||| |||| 00| 0 eng d
041 _aeng
100 _aSharma,Robin
_93895
245 _aThe Monk Who Sold His Feerai
_h[electronic resource]
260 _bJaico Publication
300 _a1 CD-ROM
_eReceived along with book.
942 _cCD
999 _c5535
_d5533